000 00509nam a2200157 i 4500
001 85333
003 ES-MaACL
005 20250810063029.0
007 t|
008 041126s1916 sp ||||1| spa d
100 1 _aJordana de Pozas, Luis,
_d1890-1983
_966931
245 1 3 _aLa cuestión agraria en Irlanda
_b: su historia y estado actual /
_cLuis Jordana de Pozas.
260 _aMadrid :
_b[s.n.,
_c1916] (
_fSuc. de M. Minuesa de los Ríos)
852 _aES-MaACL
_j1531-F-2
999 _c85333
_d85333